000 00812nam0a22002411 4500
001 rc\431308
005 20030616170759.0
010 _a5-7780-0027-8
_930000
035 _a(NLR Aleph) 005677991
090 _a7044453
_c7044453
100 _a20030616d1988 u |0rusy50 ca
101 0 _arus
102 _aRU
105 _aa |||||||||
200 1 _aДля сердца нужно верить
_e(Круг гения)
_eРоман
_e[Об А.С. Пушкине]
_fЕлена Криштоф
_g[Худож. В.И. Верещак]
210 _aСимферополь
_cТаврия
_d1988
215 _a412, [2] с.
_cил.
_d21
700 1 _aКриштоф
_bЕ. Г.
_f1925-
_gЕлена Георгиевна
801 0 _aRU
_bNLR
_gpsbo
801 1 _aRU
_bELAR
_2rusmarc
852 _aNLR
_j89-3/916
942 _cBOOK
980 _aNB